Heideggerova analýza moderného myslenia a biovedecký výskum

Oblasti biovedeckého výskumu, ktoré v súčasnosti prinášajú stále náročnejšie výzvy. Etické a sociálne dilemy ako dôsledky biovedeckého skúmania. Spôsoby, ako sa s novým poznaním vyrovnať hľadá aj filozofia.

Salvato in:
Dettagli Bibliografici
Autore principale: Tomašovičová, Jana
Natura: Capitolo di libro
Lingua:slovacco
Soggetti:
Tags: Aggiungi Tag
Nessun Tag, puoi essere il primo ad aggiungerne!!

MARC

LEADER 00000naa a2200000 4500
001 0209981
005 20231211130031.4
041 0 |a slo 
044 |a SK 
245 1 0 |a Heideggerova analýza moderného myslenia a biovedecký výskum  |c Jana Tomašovičová 
520 |a Oblasti biovedeckého výskumu, ktoré v súčasnosti prinášajú stále náročnejšie výzvy. Etické a sociálne dilemy ako dôsledky biovedeckého skúmania. Spôsoby, ako sa s novým poznaním vyrovnať hľadá aj filozofia. 
610 2 0 |a filozofia 
610 2 0 |a filozofi 
610 2 0 |a smery filozofické 
610 2 0 |a kategórie filozofické 
610 2 0 |a metódy poznania 
610 2 0 |a vedy biologické 
610 2 0 |a etika 
610 2 0 |a diskusia 
100 1 |a Tomašovičová, Jana